ՀՀ Գիտությունների ազգային ակադեմիայի հիմնարար գիտական գրադարան  =   Fundamental Scientific Library of NAS RA

Հայրս : (Record no. 519081)

MARC details
000 -LEADER
fixed length control field 00951nam a2200241 a 4500
001 - CONTROL NUMBER
control field 000898108
003 - CONTROL NUMBER IDENTIFIER
control field AM-YEHGA
005 - DATE AND TIME OF LATEST TRANSACTION
control field 20250618080019.0
008 - FIXED-LENGTH DATA ELEMENTS--GENERAL INFORMATION
fixed length control field 120611s2011 ai r 000 0 arm d
020 ## - INTERNATIONAL STANDARD BOOK NUMBER
International Standard Book Number 9789939832319
040 ## - CATALOGING SOURCE
Original cataloging agency AM-YeHGA
041 0# - LANGUAGE CODE
Language code of text/sound track or separate title arm
090 ## - LOCALLY ASSIGNED LC-TYPE CALL NUMBER (OCLC); LOCAL CALL NUMBER (RLIN)
-- 522643
100 1# - MAIN ENTRY--PERSONAL NAME
Personal name Իսահակյան, Վիգեն Ավետիքի,
Dates associated with a name 1910-2005
9 (RLIN) 2026
245 10 - TITLE STATEMENT
Title Հայրս :
Remainder of title [Հուշագրություն] /
Statement of responsibility, etc. Վ. Իսահակյան; Կազմ., խմբ. . առաջաբ.՝ Ա. Իսահակյան.
250 ## - EDITION STATEMENT
Edition statement 2-դ վերախմբ. հրատ.
260 ## - PUBLICATION, DISTRIBUTION, ETC.
Place of publication, distribution, etc. Երևան :
Name of publisher, distributor, etc. Գասպրինտ,
Date of publication, distribution, etc. 2011.
300 ## - PHYSICAL DESCRIPTION
Extent 516 էջ :
Other physical details գուն. լուսանկ. ;
Dimensions 21 սմ.
600 14 - SUBJECT ADDED ENTRY--PERSONAL NAME
Personal name Իսահակյան, Ավետիք Սահակի,
Dates associated with a name 1875-1957
9 (RLIN) 963
650 14 - SUBJECT ADDED ENTRY--TOPICAL TERM
Topical term or geographic name entry element Հայ հուշագրություն
9 (RLIN) 5766
700 1# - ADDED ENTRY--PERSONAL NAME
Personal name Իսահակյան, Ավիկ Վիգենի,
Dates associated with a name 1944-
Relator term Կազմ.,առաջաբ.,խմբ.
Relationship com
-- aui
-- edt
9 (RLIN) 964
942 00 - ADDED ENTRY ELEMENTS (KOHA)
Koha issues (borrowed), all copies 2
Holdings
Withdrawn status Lost status Damaged status Not for loan Collection Home library Current library Date acquired Total checkouts Full call number Barcode Date last seen Price effective from Koha item type Public note
        General Fundamental Scientific Library Fundamental Scientific Library 02/11/2021   AII/107911 FL0663563 02/11/2021 02/11/2021 Գրքեր / Books 30 Days Loan
        General Fundamental Scientific Library Fundamental Scientific Library 14/03/2022   AII/108446 FL0675201 14/03/2022 14/03/2022 Գրքեր / Books 30 Days Loan


ՀՀ ԳԱԱ հիմնարար գիտական գրադարան
ՀՀ,Երևան 0019
Մարշալ Բաղրամյան 24/6
հեռախոս:(374-10) 52-47-50
Հետադարձ կապ

All site content, except where otherwise noted, is licensed under a
Creative Commons License